| 000 | 00000nam 2200000za 4500 |
| 001 | 9.830359 |
| 003 | CaOODSP |
| 005 | 20221107145518 |
| 007 | cr ||||||||||| |
| 008 | 170111s2016 onc |o f|0| 0 eng d |
| 040 | |aCaOODSP|beng |
| 043 | |an-cn--- |
| 086 | 1 |aA74-3/2016-55E-PDF |
| 245 | 00|aRhodiola Rosea in packaged food and beverages |h[electronic resource] / |c[prepared by Ranna Bernard]. |
| 260 | |aOttawa : |bAgriculture and Agri-Food Canada, |c2016. |
| 300 | |a12 p. |
| 490 | 1 |aMarket Access Secretariat, global analysis report ; |x1920-6615 |
| 500 | |aIssued also in French under title: Rhodiola rosea (orpin rose) dans les aliments et les boissons emballées. |
| 500 | |a"November 2016." |
| 500 | |a"Health and Wellness Series." |
| 504 | |aIncludes bibliographic references. |
| 520 | |aRhodiola Rosea is one of the most popular plants to be used in Europe for health and wellness reasons. It is a multipurpose medical plant with adaptogenic activities that increases the body’s resistance and ability to normalize its functions in response to different emotional, mental, and physical stressors (Phytochemistry Reviews, 2016). Due to these characteristics there are growing opportunities for Rhodiola Rosea to be used in new product innovation as there are expected growth in both the consumer health and health and wellness sectors. |
| 692 | 07|2gccst|aMarket analysis |
| 692 | 07|2gccst|aInternational markets |
| 692 | 07|2gccst|aPackaging |
| 700 | 1 |aBernhard, Ranna. |
| 710 | 1 |aCanada. |bAgriculture and Agri-Food Canada. |
| 775 | 08|tRhodiola rosea (orpin rose) dans les aliments et les boissons emballées |w(CaOODSP)9.830362 |
| 830 | #0|aMarket Access Secretariat, global analysis report,|x1920-6615|w(CaOODSP)9.507911 |
| 856 | 40|qPDF|s574 KB|uhttps://publications.gc.ca/collections/collection_2017/aac-aafc/A74-3-2016-55-eng.pdf |